01335cam a22004214i 4500003000900000005001700009008004100026035001900067040003300086100002400119245003900143264004100182336002100223337002500244338002300269505043300292526001000725526001000735526001000745526001000755526001000765526000900775526000900784526000900793526000900802526000900811526000900820526000900829526000900838526000900847526000900856526000800865526000800873526000800881526000800889526000800897526000800905PE-LiUPU20250731170437.0150625s r 000 0 d a(Sirsi) a32047 aPE-LiUPUbspacPE-LiUPUerda1 aLuypen, W.,eautor.10aFenomenologia del derecho natural. 1aBuenos Aires :bCarlos Lohle,c1968. atext2rdacontent aunmediated2rdamedia avolume2rdacarrier0 aEl dilema que siempre se repite. - Teorias sobre la naturaleza de la conciencia humana del derecho como fuente del orden juridico. - Teorias relativas al origen religiosos de la conciencia humana del derecho y del orden juridico. - La doctrina Tomista de la ley natural. - Ideas fundamnetales de la fenomenologia existencial. - La justicia como forma antropológica de coexistencia. - El derecho natural y el orden juridico. aSEG68 aSEG70 aSEG69 aSEG67 aSEG43 aP144 aP143 aP131 aP122 aP120 aP117 aP112 aP110 aP106 aP101 aP80 aP59 aP54 aP35 aP33 aP30